[Event "73rd ARM-chW Highest League 2018"]
[Site "Yerevan"]
[Date "2018.01.12"]
[Round "1"]
[White "Gevorgyan, Maria"]
[Black "Khachatryan, Anna"]
[Result "1-0"]
[WhiteElo "2258"]
[BlackElo "2004"]
[Annotator "TA"]
[PlyCount "125"]
[EventDate "2018.??.??"]
[EventType "tourn"]
[EventCountry "ARM"]
[SourceTitle "playchess.com"]
[Source "ChessBase"]
[SourceQuality "1"]

{[%evp 17,125,37,41,33,37,33,54,54,54,54,54,40,47,53,50,37,56,56,48,17,18,11,10,8,13,0,25,21,37,33,27,-7,0,0,0,0,10,0,15,-2,-2,-2,-2,-4,-4,-4,-4,-4,-5,-3,-6,-8,0,0,0,0,0,0,5,5,52,52,89,87,89,89,116,112,109,85,104,104,208,150,154,158,157,158,162,165,160,154,160,152,272,272,264,263,273,228,236,222,195,153,222,217,249,191,191,187,638,623,539,539,658,628,946,837,1235,1292]} 1. e4 c5 2. Nc3 Nc6 3. Bb5 Nd4 4. Bc4 e6 5. Nge2 g6 (5... a6 6. Nxd4 cxd4 7. Ne2 Bc5 8. d3 Ne7 9. Bb3 O-O 10. O-O Kh8 11. Ng3 f5 12. exf5 Nxf5 13. Bf4 {1-0 (61) Najer,E (2653)-Moiseenko,A (2707) Dubai 2014}) 6. O-O {B23: Closed Sicilian: Lines without g3} Bg7 7. Nxd4 cxd4 8. Nb5 d6 9. c3 Nf6 {LiveBook: 4 Games} 10. f3 $146 ({Predecessor:} 10. cxd4 Nxe4 11. d3 Nf6 12. Bf4 O-O 13. Bxd6 a6 14. Bxf8 Kxf8 {0-1 (32) Paehtz,E (2452)-Cmilyte,V (2464) Kemer 2007}) 10... d5 11. exd5 $1 Nxd5 12. Bxd5 exd5 13. Re1+ Be6 14. Nxd4 Bxd4+ 15. cxd4 O-O 16. Qb3 Qb6 17. Qxb6 axb6 18. b3 Rfc8 19. g4 Rc2 20. a3 Rac8 21. Kf2 R8c3 22. Rb1 Kg7 23. Ke2 Ra2 24. Rf1 h5 25. h3 hxg4 26. hxg4 f5 27. Kd1 Rcc2 28. Rg1 fxg4 29. fxg4 Kf6 30. g5+ Ke7 {[#]} 31. Ra1 $1 {[%mdl 512] [#]} Rxd2+ $1 {[%mdl 512]} (31... Rxa1 32. Kxc2) 32. Bxd2 Rxa1+ $11 {[%mdl 4096] Endgame KRB-KRB} 33. Bc1 Ra2 34. Rg3 Kd6 35. Bd2 Bf5 36. Bf4+ Ke6 37. a4 Ra1+ 38. Kd2 Ra2+ 39. Kc3 Rc2+ 40. Kb4 Rc6 41. Be5 Rc1 42. Bf6 Kd7 43. Re3 Be4 44. Rh3 Rh1 (44... Bf5 $16 45. Rh7+ Kc8 46. Rh8+ Kd7) 45. Rc3 {Hoping for Kb5.} Rh2 46. Be5 Rc2 {[#]} 47. Rh3 $1 Rc6 48. Rh7+ Kc8 49. Rh8+ Kd7 50. Rb8 Ke6 (50... Bd3 $16 {might work better.} 51. Rxb7+ Kc8) 51. Rxb7 $18 Bd3 52. Bf6 Kf5 53. Rd7 Ke4 54. Re7+ Kf4 55. Re8 Kg4 (55... Bc2 $16 {was called for.} 56. Rd8 Re6) 56. Rd8 Be4 57. a5 bxa5+ 58. Kxa5 Bc2 $2 (58... Bd3 59. Rxd5 Bf1) 59. b4 {[%cal Bb3b4,Bb4b5][%mdl 32] White is clearly winning.} Bd3 {[%csl Gd3][%cal Rc6a6]} 60. b5 Rc1 61. Rxd5 Ra1+ 62. Kb6 Rb1 63. Rc5 {Precision: White = 75%, Black = 39%.} 1-0

[Event "73rd ARM-chW Highest League 2018"]
[Site "Yerevan"]
[Date "2018.01.12"]
[Round "1"]
[White "Kursova, Maria"]
[Black "Asatryan, Sona"]
[Result "1-0"]
[WhiteElo "2249"]
[BlackElo "2111"]
[Annotator "TA"]
[PlyCount "147"]
[EventDate "2018.??.??"]
[EventType "tourn"]
[EventCountry "ARM"]
[SourceTitle "playchess.com"]
[Source "ChessBase"]
[SourceQuality "1"]

{[%evp 15,147,21,8,12,23,0,8,0,-2,-10,0,-18,-14,-8,0,0,9,0,2,0,11,7,10,10,10,10,15,0,4,3,0,0,1,0,0,0,0,0,0,-37,-33,-33,-34,-51,-30,-52,-6,-124,-115,-152,0,0,0,0,0,0,0,0,13,13,132,31,132,132,166,155,262,161,159,132,133,132,132,132,132,132,132,132,132,132,132,132,132,132,132,132,132,132,132,132,132,132,132,132,132,132,132,132,132,0,132,132,132,0,133,0,136,23,75,67,64,8,8,8,8,8,8,8,459,370,2360,3132,29941,1394,29943,29945,12680,9911,4133,5509,29982,29984,29984,29984]} 1. d4 Nf6 2. Nf3 e6 3. c4 b6 4. g3 Bb7 5. Bg2 Be7 6. O-O O-O 7. Re1 a5 {E17: Queen's Indian: 4 g3 Bb7 5 Bg2 Be7} (7... Na6 8. Ne5 Bxg2 9. Kxg2 c5 10. d5 Qc7 11. Nf3 Ne4 12. a3 f5 13. Qd3 Qb7 14. Nbd2 Nxd2 15. Bxd2 Bf6 {0-1 (38) Mamedyarov,S (2799)-Korobov,A (2652) Huaian 2017}) 8. Bf4 d5 {LiveBook: 3 Games} 9. cxd5 Nxd5 {The position is equal.} 10. Bd2 c5 11. dxc5 $146 ({Predecessor:} 11. Nc3 Nc6 12. Nxd5 exd5 13. Bc3 a4 14. Rc1 Qd6 15. Qd2 Rfd8 {½-½ (49) Kavutskiy,K (2347)-Panchanathan,M (2494) Reykjavik 2017}) 11... Bxc5 12. Nc3 Nd7 13. Qb3 Qe7 14. a3 Nxc3 15. Bxc3 Nf6 16. Rac1 Bd5 17. Qb5 Rfc8 18. Bd4 Qd7 19. Qxd7 Nxd7 20. Bxc5 Rxc5 21. Rxc5 Nxc5 22. Ne5 Bxg2 23. Kxg2 $11 {[%mdl 4096] Endgame KRN-KRN} f6 24. Nc6 Kf7 25. Rc1 e5 26. f4 Ke6 27. b4 axb4 28. axb4 Ne4 29. Rc2 Nd6 30. h3 Nb5 31. Kf2 (31. Rd2 $1 $11) 31... Kd6 $17 32. e4 Rc8 $2 {[#]} (32... g5 $17 33. fxg5 fxg5) 33. Nd4 $11 Rxc2+ 34. Nxc2 {KN-KN} Nc3 35. Ke3 Nd1+ 36. Ke2 Nb2 37. Ne3 Na4 (37... Ke6 $11) 38. Kd3 ({Better is} 38. Nf5+ $16 Kd7 39. Nxg7) 38... b5 (38... exf4 $14 39. gxf4 g5) 39. Nf5+ $16 Kc6 40. Nxg7 {Nh5 is the strong threat.} Nb2+ (40... Kd7 $16 {keeps fighting.} 41. Nf5 Nb2+ 42. Ke2 Na4) 41. Ke2 {Hoping for Ne8.} Kd7 42. f5 Na4 43. Kd2 Nb6 44. Ne6 h6 45. h4 Nc4+ 46. Ke2 Nd6 47. Kf3 Ke7 48. g4 Nc4 49. Nc7 Nd6 50. Ke3 Nc4+ 51. Kd3 Nd6 52. Nd5+ Kf7 53. Nc3 Ke7 54. Ke2 Kf7 55. Kf3 Kg7 56. Kg3 Kh7 57. Kf3 Kg7 58. Nd5 Kf7 59. Nc7 Ke7 60. Ne6 (60. Ke2 $16) 60... Nf7 (60... Nc4 $1 $11 {keeps the balance.}) 61. g5 (61. Kg2 $16) 61... fxg5 $11 62. hxg5 hxg5 63. Kg4 (63. Kg3 $1 $14) 63... Kf6 64. Kh5 {With the idea Nc7.} Nd6 65. Nxg5 Nc4 66. Ne6 {Black should prevent Nc7.} Ne3 $2 {[%mdl 8192]} (66... Nd6 $11 {and Black has nothing to worry.}) 67. Nc7 $18 Nc2 $2 (67... Nf1 68. Nd5+ (68. Nxb5 Ng3+ 69. Kg4 Nxe4 $11) 68... Kf7) 68. Nd5+ Kf7 69. Kg5 Nd4 {[#]} 70. f6 $1 Nf3+ 71. Kf5 Kf8 72. Ke6 Kg8 73. Ke7 Ng5 74. Nc7 {Precision: White = 52%, Black = 52%.} 1-0

[Event "73rd ARM-chW Highest League 2018"]
[Site "Yerevan"]
[Date "2018.01.12"]
[Round "1"]
[White "Ghukasyan, Siranush"]
[Black "Gaboyan, Susanna"]
[Result "1-0"]
[WhiteElo "2166"]
[BlackElo "2168"]
[Annotator "TA"]
[PlyCount "95"]
[EventDate "2018.??.??"]
[EventType "tourn"]
[EventCountry "ARM"]
[SourceTitle "playchess.com"]
[Source "ChessBase"]
[SourceQuality "1"]

{[%evp 15,95,34,40,32,56,68,96,69,59,16,22,20,40,35,114,-22,-24,-64,-64,-66,-66,-88,-87,-71,-69,-66,-70,-61,-57,-60,0,0,0,0,0,0,43,0,581,579,574,560,637,623,867,582,760,743,625,610,1013,1034,987,964,1386,1332,1586,1572,6061,5385,29974,29976,29975,29977,29982,29983,29984,29984,29984,29985,29986,29987,29986,29987,29988,29989,29991,29992,29992,29993,29993,29983]} 1. e4 c5 2. Nf3 Nc6 3. Bb5 g6 4. Bxc6 dxc6 5. d3 Bg7 6. h3 Nh6 {B31: Sizilianisch (Rossolimo-Variante)} (6... Nf6 7. Nc3 O-O 8. Be3 c4 9. O-O cxd3 10. cxd3 b6 11. d4 Nd7 12. Qd2 Re8 13. Rfd1 Bb7 14. Bh6 Bh8 15. Qf4 e5 16. dxe5 {1-0 (52) Onischuk,V (2637)-Mamedov,R (2709) Riadh 2017}) 7. O-O f6 8. Be3 b6 {LiveBook: 3 Partien. Weiß steht etwas besser.} 9. a4 e5 10. a5 Rb8 11. axb6 axb6 12. Nbd2 $146 ({Vorgänger:} 12. Nc3 O-O 13. Ra7 Nf7 14. Qa1 Be6 15. Qa4 {0-1 (37) Mucha,A (2023)-Holvason,J (2121) Germany 2013}) 12... Be6 13. Nc4 Nf7 14. Nfd2 g5 (14... O-O $14) 15. Ra7 (15. Qh5 $16) 15... b5 $11 16. Bxc5 bxc4 17. Re7+ Qxe7 $1 18. Bxe7 Kxe7 19. Nxc4 Bxc4 20. dxc4 Rxb2 21. Qa1 Rhb8 ({Nicht} 21... Rxc2 $2 22. Qa7+ Ke6 23. Rb1 $18 (23. Rd1 Rd8 $16)) 22. Qa7+ Ke8 ({Lieber} 22... Kf8 $1 $15) 23. Qc7 $1 Kf8 24. Ra1 $36 {[%mdl 2048] Schwarz steht unter Druck.} Rb1+ 25. Rxb1 Rxb1+ 26. Kh2 {[#] Droht Dc8+ und aus.} Rc1 $2 {[%mdl 8192]} (26... Kg8 $11) 27. Qb8+ $18 Ke7 28. Qb7+ Kf8 29. Qa8+ Nd8 30. Qa3+ Kf7 31. Qxc1 Bf8 32. Qd1 Be7 33. Qh5+ Kf8 34. Qxh7 c5 35. g3 {[%cal Bg2g3,Bg3h4,Bh4h5][%mdl 32]} Ne6 36. h4 gxh4 37. gxh4 Nd4 38. c3 {Weiß setzt Matt.} Ne6 39. h5 Ng5 40. Qg6 Bd8 41. h6 Ke7 42. h7 Nxh7 43. Qxh7+ Kd6 44. Qf7 Be7 45. Kg3 Kd7 46. Kg4 Kd6 47. Kf5 Kd7 48. Qxf6 {Precision: Weiß = 72%, Schwarz = 46%.} 1-0

[Event "73rd ARM-chW Highest League 2018"]
[Site "Yerevan"]
[Date "2018.01.12"]
[Round "1"]
[White "Mkrtchyan, Mariam"]
[Black "Sargsyan, Anna M"]
[Result "0-1"]
[WhiteElo "1834"]
[BlackElo "2214"]
[Annotator "TA"]
[PlyCount "134"]
[EventDate "2018.??.??"]
[EventType "tourn"]
[EventCountry "ARM"]
[SourceTitle "playchess.com"]
[Source "ChessBase"]
[SourceQuality "1"]

{[%evp 19,134,35,39,-11,-14,-6,-16,-13,0,-39,-19,-26,-12,-40,-9,-47,-45,-130,-18,-33,-4,-72,-67,-58,-35,-37,0,0,0,0,0,0,0,0,20,-77,-72,-79,-88,-83,-83,-156,-150,-144,-21,-73,-67,-87,0,0,17,14,15,24,17,17,93,92,83,86,84,86,95,56,54,47,51,18,23,16,14,9,12,0,28,0,66,0,0,0,30,-17,-10,-14,-8,-12,-9,-13,-9,-14,-14,-17,-13,-27,-27,-145,-154,-154,-155,-524,-523,-710,-631,-580,-497,-1840,-1506,-1382,-1312,-29961,-29961,-29953,-12783,-29962,-29936,-29955,-29945]} 1. d4 d5 2. Nf3 Nf6 3. g3 c6 4. Bg2 Bf5 5. O-O e6 6. c4 Be7 7. Nc3 O-O 8. Nh4 Bg4 {D11: Slav Defence: 3 Nf3 sidelines and 3...Nf6 4 e3 Bg4} 9. h3 Bh5 10. g4 Nfd7 {LiveBook: 4 Games. White is slightly better.} 11. Nf3 (11. Nf5 exf5 12. gxh5 dxc4 13. Qc2 Nb6 14. Rd1 Qc8 15. d5 Bf6 16. Bf4 {1-0 (29) Pelletier,Y (2558)-Leroy,D (2289) Drancy 2016}) 11... Bg6 12. b3 $146 ({Predecessor:} 12. Bf4 dxc4 13. a4 a5 14. e4 Nb6 15. Qe2 N8d7 16. Rad1 {0-1 (38) Piotrowski,P (2292)-Guzewicz,R (2045) Wroclaw 2015}) 12... Na6 13. Bf4 Bb4 14. Bd2 Ba3 15. Bc1 Bd6 16. Re1 Qe7 17. Bb2 Rad8 18. Nd2 (18. e4 $15) 18... Nf6 (18... Nb4 $1 $17 {Threatens to win with ...Nc2.} 19. Rc1 f5 20. gxf5 Bxf5) 19. a3 c5 20. cxd5 (20. e3 $11) 20... cxd4 $17 21. Nb5 Nxd5 {...Bb8 is the strong threat.} (21... Bb8 $5 {[%cal Rf6d5]} 22. d6 (22. Bxd4 Nxd5 23. Qc1 Nf4 $17) 22... Bxd6 $11) 22. Nxd6 Nc3 23. Bxc3 $1 dxc3 24. N2c4 {And now Qc1 would win.} b5 25. Qc1 bxc4 26. Nxc4 Qf6 {aiming for ...Nc5.} 27. e4 (27. Qe3 $1 $11) 27... Nc5 $36 {[%mdl 2048] Black is in control.} 28. e5 Qh4 29. Qxc3 {[#]} Nd3 $1 30. Re2 (30. Rf1 $142) 30... Nf4 {[%mdl 1024] Black has strong compensation.} 31. Re3 Rd3 (31... h5 $17 32. gxh5 Qg5) 32. Qe1 $11 h5 33. Bf1 {[#]} Rd4 ({Black should play} 33... Rfd8 $1 $17 34. Nd6 hxg4) 34. Rd1 Rfd8 35. Nd6 $1 Rxd1 36. Qxd1 f6 {White must now prevent ...fxe5.} 37. Qd4 Nd5 (37... Qg5 $11 {keeps the balance.}) 38. Rg3 $16 fxe5 39. Qxe5 Qf6 40. Qxf6 Nxf6 41. Nc4 Rd1 42. gxh5 Bxh5 43. Rd3 Ra1 {With the idea ...Be2.} 44. f3 Nd5 45. Kf2 g5 46. a4 Kf8 47. Ne5 Rb1 ({Black should try} 47... Ra2+ $11 48. Ke1 Rb2) 48. Nd7+ (48. Rd2 $1 $14) 48... Ke7 $11 49. Nc5 Bg6 50. Ne4 a5 51. Rd4 Bxe4 52. Rxe4 Rxb3 {[%mdl 4096] Endgame KRB-KRN} 53. h4 Rb2+ 54. Kg3 gxh4+ 55. Kxh4 Kd6 56. Bh3 e5 57. Bf1 (57. Kg5 $11 {remains equal.}) 57... Rf2 $17 58. Bb5 Rxf3 59. Kg5 $2 (59. Rc4 $17 {is a better chance.}) 59... Nc3 $19 60. Rc4 Nxb5 61. axb5 {intending Ra4. KR-KR} Rb3 62. Rc6+ (62. Ra4 $142 Rxb5 63. Kf5) 62... Kd5 63. Kf5 Rxb5 64. Re6 Kc4 65. Rc6+ Kb3 66. Ke4 a4 {[%cal Ba5a4,Ba4a3][%mdl 32]} 67. Ra6 a3 {Precision: White = 38%, Black = 59%.} 0-1

[Event "73rd ARM-chW Highest League 2018"]
[Site "Yerevan"]
[Date "2018.01.12"]
[Round "1"]
[White "Arakelyan, Nare"]
[Black "Galojan, Lilit"]
[Result "1/2-1/2"]
[WhiteElo "1747"]
[BlackElo "2300"]
[Annotator "ChessBase"]
[PlyCount "28"]
[EventDate "2018.??.??"]
[EventType "tourn"]
[EventCountry "ARM"]
[SourceTitle "playchess.com"]
[Source "ChessBase"]
[SourceQuality "1"]
[TimeControl "40/5400+30:1800+30"]

1. e4 {[%emt 0:00:00]} g6 {[%emt 0:00:23]} 2. d4 {[%emt 0:00:02]} Bg7 {[%emt 0:00:05]} 3. Nc3 {[%emt 0:02:58]} c6 {[%emt 0:05:23]} 4. f4 {[%emt 0:05:41]} d5 {[%emt 0:01:26]} 5. e5 {[%emt 0:03:31]} Nh6 {[%emt 0:00:16]} 6. Be3 {[%emt 0:07:52]} f6 {[%emt 0:15:17]} 7. Nf3 {[%emt 0:12:32]} Ng4 {[%emt 0:13:42]} 8. Bg1 {[%emt 0:06:17]} fxe5 {[%emt 0:03:12]} 9. dxe5 {[%emt 0:04:25]} O-O {[%emt 0:19:05]} 10. h3 {[%emt 0:10:55]} Nh6 {[%emt 0:00:45]} 11. Qd2 {[%emt 0:00:43]} Qa5 {[%emt 0:09:44]} 12. O-O-O {[%emt 0:03:42]} e6 {[%emt 0:09:10]} 13. h4 {[%emt 0:09:29]} c5 {[%emt 0:00:28]} 14. Kb1 {[%emt 0:08:01]} d4 1/2-1/2

[Event "73rd ARM-chW Highest League 2018"]
[Site "Yerevan"]
[Date "2018.01.13"]
[Round "2"]
[White "Galojan, Lilit"]
[Black "Mkrtchyan, Mariam"]
[Result "1-0"]
[WhiteElo "2300"]
[BlackElo "1834"]
[Annotator "NA"]
[PlyCount "63"]
[EventDate "2018.??.??"]
[EventType "tourn"]
[EventCountry "ARM"]
[SourceTitle "playchess.com"]
[Source "ChessBase"]
[SourceQuality "1"]
[TimeControl "40/5400+30:1800+30"]

1. d4 {[%emt 0:00:00]} d6 {[%emt 0:00:14]} 2. Nf3 {[%emt 0:00:01]} g6 {[%emt 0:00:15]} 3. g3 {[%emt 0:01:09]} Bg7 {[%emt 0:00:09]} 4. Bg2 {[%emt 0:00:18]} Nd7 {[%emt 0:00:22]} 5. c4 {[%emt 0:00:37]} e5 {[%emt 0:00:22]} 6. Nc3 {[%emt 0:02:24]} Ne7 {[%emt 0:00:23]} 7. O-O {[%emt 0:03:16]} O-O {[%emt 0:00:09]} 8. e3 {[%emt 0:07:10]} h6 {[%emt 0:09:39]} 9. b3 {[%emt 0:04:03]} f5 {[%emt 0:05:02]} 10. dxe5 {[%emt 0:11:37]} Nxe5 {[%emt 0:08:31]} 11. Nxe5 {[%emt 0:07:50]} Bxe5 {[%emt 0:07:21]} 12. Bb2 {[%emt 0:00:39]} Rb8 {[%emt 0:06:06]} 13. Qd2 {[%emt 0:00:53]} Bd7 {[%emt 0:05:21]} 14. Rfe1 {[%emt 0:15:49]} Bc6 {[%emt 0:06:25]} 15. Nd5 {[%emt 0:06:17]} Bxb2 {[%emt 0:22:23]} 16. Qxb2 {[%emt 0:00:05]} Bxd5 {[%emt 0:00:37]} 17. cxd5 {[%emt 0:00:20]} g5 {[%emt 0:02:18]} 18. Qd4 {[%emt 0:02:58]} a6 {[%emt 0:02:19]} 19. e4 {[%emt 0:10:20]} f4 {[%emt 0:08:16]} 20. Bh3 {[%emt 0:00:07]} Ng6 {[%emt 0:02:17]} 21. Be6+ {[%emt 0:00:04]} Kh7 {[%emt 0:00:16]} 22. Bf5 {[%emt 0:00:15]} Qf6 {[%emt 0:02:23]} 23. Qxf6 {[%emt 0:00:15]} Rxf6 {[%emt 0:00:06]} 24. Rac1 {[%emt 0:00:27]} Rf7 {[%emt 0:01:20]} 25. gxf4 {[%emt 0:00:06]} Kg7 {[%emt 0:03:29]} 26. Be6 {[%emt 0:18:30]} Re7 {[%emt 0:00:07]} 27. f5 {[%emt 0:00:10]} Nf4 {[%emt 0:05:07]} 28. Rc3 {[%emt 0:00:13]} Kf6 {[%emt 0:00:19]} 29. Kf1 {[%emt 0:00:44]} Rh8 {[%emt 0:01:21]} 30. b4 {[%emt 0:01:30]} Nxe6 {[%emt 0:01:37]} 31. fxe6 {[%emt 0:00:27]} g4 {[%emt 0:00:45]} 32. f4 {[%emt 0:05:01]} 1-0

[Event "73rd ARM-chW Highest League 2018"]
[Site "Yerevan"]
[Date "2018.01.13"]
[Round "2"]
[White "Gevorgyan, Maria"]
[Black "Kursova, Maria"]
[Result "0-1"]
[WhiteElo "2258"]
[BlackElo "2249"]
[Annotator "NA"]
[PlyCount "124"]
[EventDate "2018.??.??"]
[EventType "tourn"]
[EventCountry "ARM"]
[SourceTitle "playchess.com"]
[Source "ChessBase"]
[SourceQuality "1"]
[TimeControl "40/5400+30:1800+30"]

1. e4 {[%emt 0:00:00]} c5 {[%emt 0:01:08]} 2. Nf3 {[%emt 0:00:00]} Nc6 {[%emt 0:00:12]} 3. d4 {[%emt 0:00:00]} cxd4 {[%emt 0:00:09]} 4. Nxd4 {[%emt 0:00:00]} e5 {[%emt 0:00:11]} 5. Nb5 {[%emt 0:01:13]} d6 {[%emt 0:00:17]} 6. N1c3 {[%emt 0:00:19]} a6 {[%emt 0:01:39]} 7. Na3 {[%emt 0:00:06]} Be6 {[%emt 0:05:28]} 8. Bc4 {[%emt 0:14:10]} b5 {[%emt 0:16:51]} 9. Bd5 {[%emt 0:08:33]} Rc8 {[%emt 0:00:26]} 10. Nab1 {[%emt 0:09:02]} Nf6 {[%emt 0:10:24]} 11. a3 {[%emt 0:12:04]} Be7 {[%emt 0:15:41]} 12. O-O {[%emt 0:05:46]} O-O {[%emt 0:01:07]} 13. Nd2 {[%emt 0:01:19]} Nd4 {[%emt 0:06:34]} 14. h3 {[%emt 0:09:14]} Nxd5 {[%emt 0:01:37]} 15. exd5 {[%emt 0:02:41]} Bf5 {[%emt 0:00:52]} 16. Nde4 {[%emt 0:00:05]} Bxe4 {[%emt 0:01:58]} 17. Nxe4 {[%emt 0:00:02]} Nxc2 {[%emt 0:01:51]} 18. Ra2 {[%emt 0:00:11]} Qc7 {[%emt 0:17:24]} 19. Nc3 {[%emt 0:10:12]} Nd4 {[%emt 0:01:56]} 20. Be3 {[%emt 0:00:09]} Qc4 {[%emt 0:01:23]} 21. Ra1 {[%emt 0:00:47]} Nb3 {[%emt 0:01:23]} 22. Rb1 {[%emt 0:00:09]} f5 {[%emt 0:00:47]} 23. f4 {[%emt 0:02:33]} e4 {[%emt 0:04:08]} 24. g4 {[%emt 0:00:10]} Bf6 {[%emt 0:04:40]} 25. gxf5 {[%emt 0:00:34]} a5 {[%emt 0:01:06]} 26. Ne2 {[%emt 0:02:11]} a4 {[%emt 0:02:03]} 27. Ng3 {[%emt 0:03:20]} Bh4 {[%emt 0:00:28]} 28. Nh1 {[%emt 0:01:53]} Rc7 {[%emt 0:01:53]} 29. Qg4 {[%emt 0:00:54]} Bf6 {[%emt 0:00:23]} 30. Rfd1 {[%emt 0:00:40]} Bd4 {[%emt 0:00:36]} 31. Bxd4 {[%emt 0:03:08]} Nxd4 {[%emt 0:00:02]} 32. Ng3 {[%emt 0:03:06]} Nf3+ {[%emt 0:00:33]} 33. Kh1 {[%emt 0:00:11]} Qc2 {[%emt 0:01:14]} 34. Nf1 {[%emt 0:00:44]} Qe2 {[%emt 0:00:32]} 35. Rd2 {[%emt 0:01:27]} Qc4 {[%emt 0:00:27]} 36. Ne3 {[%emt 0:01:44]} Qb3 {[%emt 0:00:28]} 37. Re2 {[%emt 0:01:31]} Qd3 {[%emt 0:00:09]} 38. Ree1 {[%emt 0:00:53]} Qd2 {[%emt 0:00:54]} 39. Qg2 {[%emt 0:05:26]} Qxg2+ {[%emt 0:00:15]} 40. Kxg2 {[%emt 0:00:00]} Nxe1+ {[%emt 0:30:49]} 41. Rxe1 {[%emt 0:00:03]} Rfc8 {[%emt 0:00:00]} 42. Rd1 {[%emt 0:00:23]} Rc2+ {[%emt 0:00:00]} 43. Nxc2 {[%emt 0:04:18]} Rxc2+ {[%emt 0:00:00]} 44. Kg3 {[%emt 0:00:03]} Rxb2 {[%emt 0:00:00]} 45. Rd4 {[%emt 0:00:12]} Rb3+ {[%emt 0:00:00]} 46. Kg4 {[%emt 0:00:26]} e3 {[%emt 0:00:00]} 47. Re4 {[%emt 0:00:07]} Kf7 {[%emt 0:00:00]} 48. f6 {[%emt 0:02:46]} gxf6 {[%emt 0:00:00]} 49. Re6 {[%emt 0:01:22]} b4 {[%emt 0:00:00]} 50. Kf3 {[%emt 0:01:07]} Rxa3 {[%emt 0:00:00]} 51. Rxd6 {[%emt 0:00:06]} Rd3 {[%emt 0:00:00]} 52. Ra6 {[%emt 0:02:51]} a3 {[%emt 0:00:00]} 53. Ra4 {[%emt 0:00:05]} Rb3 {[%emt 0:00:00]} 54. Ra7+ {[%emt 0:00:05]} Ke8 {[%emt 0:00:00]} 55. d6 {[%emt 0:03:24]} Rb2 {[%emt 0:02:40]} 56. Kxe3 {[%emt 0:01:17]} a2 {[%emt 0:00:04]} 57. Ke4 {[%emt 0:00:22]} b3 {[%emt 0:00:12]} 58. Kd5 {[%emt 0:00:05]} Rb1 {[%emt 0:00:45]} 59. Ra8+ {[%emt 0:00:05]} Kd7 {[%emt 0:00:19]} 60. Ra7+ {[%emt 0:00:28]} Kc8 {[%emt 0:00:11]} 61. Ra8+ {[%emt 0:02:17]} Kb7 {[%emt 0:00:28]} 62. d7 {[%emt 0:00:05]} Rd1+ {[%emt 0:00:08]} 0-1

[Event "73rd ARM-chW Highest League 2018"]
[Site "Yerevan"]
[Date "2018.01.13"]
[Round "2"]
[White "Sargsyan, Anna M"]
[Black "Ghukasyan, Siranush"]
[Result "1-0"]
[WhiteElo "2214"]
[BlackElo "2166"]
[Annotator "NA"]
[PlyCount "67"]
[EventDate "2018.??.??"]
[EventType "tourn"]
[EventCountry "ARM"]
[SourceTitle "playchess.com"]
[Source "ChessBase"]
[SourceQuality "1"]
[TimeControl "40/5400+30:1800+30"]

1. d4 {[%emt 0:00:00]} d5 {[%emt 0:03:41]} 2. c4 {[%emt 0:00:00]} e6 {[%emt 0:00:03]} 3. Nc3 {[%emt 0:00:00]} Be7 {[%emt 0:00:03]} 4. Nf3 {[%emt 0:00:00]} Nf6 {[%emt 0:00:10]} 5. Bf4 {[%emt 0:00:00]} O-O {[%emt 0:01:07]} 6. e3 {[%emt 0:00:00]} Nbd7 {[%emt 0:00:50]} 7. a3 {[%emt 0:00:00]} c6 {[%emt 0:05:25]} 8. Bd3 {[%emt 0:00:10]} b6 {[%emt 0:12:53]} 9. cxd5 {[%emt 0:01:18]} exd5 {[%emt 0:00:51]} 10. O-O {[%emt 0:01:38]} Re8 {[%emt 0:07:05]} 11. Rc1 {[%emt 0:03:43]} Bb7 {[%emt 0:09:10]} 12. h3 {[%emt 0:04:42]} Nf8 {[%emt 0:01:01]} 13. Ne2 {[%emt 0:07:14]} Bd6 {[%emt 0:05:33]} 14. Bxd6 {[%emt 0:08:08]} Qxd6 {[%emt 0:00:06]} 15. Ng3 {[%emt 0:00:12]} Ne4 {[%emt 0:11:15]} 16. Bxe4 {[%emt 0:07:19]} dxe4 {[%emt 0:00:05]} 17. Nd2 {[%emt 0:01:55]} Qd5 {[%emt 0:01:29]} 18. Ne2 {[%emt 0:07:49]} Rad8 {[%emt 0:04:41]} 19. b4 {[%emt 0:01:33]} f5 {[%emt 0:07:26]} 20. Qa4 {[%emt 0:04:17]} Ra8 {[%emt 0:02:57]} 21. Rfd1 {[%emt 0:04:49]} Ne6 {[%emt 0:05:35]} 22. Qc2 {[%emt 0:06:16]} Qd8 {[%emt 0:03:19]} 23. Nc4 {[%emt 0:03:26]} Rc8 {[%emt 0:03:25]} 24. Qa4 {[%emt 0:07:54]} b5 {[%emt 0:04:10]} 25. Qxa7 {[%emt 0:00:15]} Re7 {[%emt 0:00:06]} 26. d5 {[%emt 0:10:09]} cxd5 {[%emt 0:02:16]} 27. Na5 {[%emt 0:01:02]} Rb8 {[%emt 0:01:23]} 28. Nd4 {[%emt 0:00:46]} Nxd4 {[%emt 0:03:53]} 29. Qxd4 {[%emt 0:00:06]} f4 {[%emt 0:01:31]} 30. exf4 {[%emt 0:01:55]} Ba8 {[%emt 0:00:30]} 31. Nc6 {[%emt 0:01:21]} Bxc6 {[%emt 0:00:04]} 32. Rxc6 {[%emt 0:00:03]} Ra8 {[%emt 0:00:22]} 33. Rc5 {[%emt 0:00:36]} Rd7 {[%emt 0:03:08]} 34. Rxb5 {[%emt 0:00:08]} 1-0